The Japanese import market

Gespeichert in:
Bibliographische Detailangaben
Format: Buch
Sprache:Undetermined
Veröffentlicht: Tokyo Jetro 1987
Schlagworte:
Tags: Tag hinzufügen
Keine Tags, Fügen Sie den ersten Tag hinzu!
Thư viện lưu trữ: Trung tâm Học liệu Trường Đại học Cần Thơ
LEADER 00434nam a2200169Ia 4500
001 CTU_82555
008 210402s9999 xx 000 0 und d
082 |a 382 
082 |b J35 
245 4 |a The Japanese import market 
260 |a Tokyo 
260 |b Jetro 
260 |c 1987 
650 |a Commercial products,Imports 
650 |z Japan,Japan 
904 |i Trúc, QHieu 
980 |a Trung tâm Học liệu Trường Đại học Cần Thơ